Central Library OPAC University of Rajshahi

The Adventures of Lindamira: (Record no. 20763)

MARC details
000 -LEADER
fixed length control field 00672nam a2200217 a 4500
001 - CONTROL NUMBER
control field 20763
003 - CONTROL NUMBER IDENTIFIER
rucl marc code BD-RjUL
005 - DATE AND TIME OF LATEST TRANSACTION
control field 20211209000616.0
008 - FIXED-LENGTH DATA ELEMENTS--GENERAL INFORMATION
fixed length control field 140302s1949 xx 000 1 eng d
035 ## - SYSTEM CONTROL NUMBER
System control number (BD-RjUL)20825
040 ## - CATALOGING SOURCE
Original cataloging agency QSL
Language of cataloging eng
Transcribing agency QSL
Modifying agency BD-RjUL
041 ## - LANGUAGE CODE
Language code of text/sound track or separate title eng
082 ## - DEWEY DECIMAL CLASSIFICATION NUMBER
Classification number 823
Author mark and year ADV 1949
245 04 - TITLE STATEMENT
Title The Adventures of Lindamira:
Remainder of title a lady of quality /
Statement of responsibility, etc. Ed. by B. Boyce.
260 ## - PUBLICATION, DISTRIBUTION, ETC. (IMPRINT)
Place of publication, distribution, etc. Minneapolis :
Name of publisher, distributor, etc. Univ. of Minnesota Pr.,
Date of publication, distribution, etc. c1949.
300 ## - PHYSICAL DESCRIPTION
Pagination xvii,167 p. :
Size 22 cm.
650 ## - SUBJECT ADDED ENTRY--TOPICAL TERM
Topical term or geographic name as entry element Adventures of Lindamira, a lady of quality.
9 (RLIN) 64114
700 1# - ADDED ENTRY--PERSONAL NAME
Personal name Brown, Thomas,
Dates associated with a name 1663-1704.
Personal name Boyce, Benjamin,
Dates associated with a name 1903-
942 ## - ADDED ENTRY ELEMENTS (KOHA)
Source of classification or shelving scheme Dewey Decimal Classification
Koha item type Books
Holdings
Lost status Source of classification or shelving scheme Damaged status Not for loan Collection code Permanent Location Current Location Shelving location Date acquired Source of acquisition Cost, normal purchase price Total Checkouts Full call number Date last seen Copy number Koha item type
  Dewey Decimal Classification   Added to bundle Fiction Central Library, University of Rajshahi Central Library, University of Rajshahi Reading Room 06/08/1955 O. U. P. 12.00   823 ADV 1949 02/03/2014 C-1 Books